01097 2200493 4500001002100000005001500021035002000036008004100056245004900097100002000146250000600166260003200172300002900204020002200233084001400255082000800269650001400277990001200291990001200303990001200315990001200327990001200339990001200351990001200363990001200375990001200387990001200399990001200411990001200423990001200435990001200447990001200459990001200471990001200483990001200495990001200507990001200519990001200531990001200543990001200555990001200567990001200579990001200591INLIS00000000000011920240502104720 a0010-0424000095240502 0 ind 1 aBahasa Indonesia Kelas XII /cMaman Suryaman aSuryaman, Maman a1 aJakarta :bKEMDIKBUD,c2018 a258 hlm ;c17 cm x 25 cm a978-602-282-753-5 a410 MAM b a410 4aNon Fiksi a0737623 a0737624 a0737625 a0737626 a0737627 a0737628 a0737629 a0737630 a0737631 a0737632 a0737633 a0737634 a0737635 a0737636 a0737637 a0737638 a0737639 a0737640 a0737641 a0737642 a0737643 a0737644 a0737645 a0737646 a0737647 a0737648